000 01197nam0a22002891 4500
001 rc\2768203
005 20250810043352.0
035 _a(NLR Aleph) 006894618
090 _a7183298
_c7183298
100 _a20110915d1941 u y0rusy50 ca
101 0 _arus
102 _aRU
105 _ay z |||||
200 1 _aАгроуказания по культуре махорки
_fПод ред. гл. агр. Облзо П. Ф. Морозова
_gНКЗ СССР
210 _aТамбов
_cТамб. обл. зем. отдел
_d1941
215 _a48 с.
_d21 см.
300 _aРазработка агроуказаний проведена К. В. Петрушининым, при участии агрономов: П. П. Сербжинского, Н. Я. Дмитраченко и А. А. Попова
702 1 _aМорозов
_bП.Ф.
_4340
702 1 _aПетрушинин
_bК.В.
_4220
712 0 1 _aТамбовская обл.
_bЗемельный отдел
801 0 _aRU
_bNLR
_gpsbo
801 1 _aRU
_bELAR
_2rusmarc
852 _aNLR
_jС40 Г-4/19
942 _cBOOK
945 _aРоссийская национальная библиотека
980 _aNB
980 _aBV